LEADER 01277nam0 22002773i 450 001 IEI0104002 005 20231121125507.0 100 $a20181023d1957 ||||0itac50 ba 101 | $aita 102 $ait 181 1$6z01$ai $bxxxe 182 1$6z01$an 200 1 $aAtlante geografico Paravia$efisico, politico, economico$ein cinquantadue carte delle quali dieci doppie, cinquantatre tavole illustrative con trecentoquindici fotocolor, prontuario per la spiegazione dei vocaboli stranieri, indice alfabetico dei nomi$fG. Pennesi, R. Almagia$gcartogrammi e diagrammi, prontuti del mondo a cura di Federico De Agostini 210 $aTorino (etc.)$cG.B. Paravia & C.$dc1957 215 $a1 v.$cill.$d33 cm. 700 1$aPennesi$b, Giuseppe$3IEIV006127$4070$0308193 701 1$aAlmagią$b, Roberto$3CFIV092875$4070$04190 790 1$aVarenio$b, Bernardo$3SBNV037782$zAlmagią, Roberto 801 3$aIT$bIT-01$c20181023 850 $aIT-FR0017 899 $aBiblioteca umanistica Giorgio Aprea$bFR0017 $eN 912 $aIEI0104002 950 0$aBiblioteca umanistica Giorgio Aprea$d 52DOB 143$e 52FLS0000363645 VMB RS $fA $h20181023$i20181023 977 $a 52 996 $aAtlante geografico Paravia$93607235 997 $aUNICAS LEADER 01291nas 22003973a 450 001 996335752403316 005 20240413024501.0 035 $a(CKB)111032812858076 035 $a(CONSER)sf-94090685- 035 $a(EXLCZ)99111032812858076 100 $a19931013a19939999 --- a 101 0 $aeng 181 $ctxt$2rdacontent 182 $cc$2rdamedia 183 $acr$2rdacarrier 200 00$aCNS outlook 210 $aBethesda, MD $cTechnology Communications$d©1993- 215 $a1 online resource 300 $aTitle from caption. 311 08$aPrint version: CNS outlook. 1072-5393 (DLC)sf 94090685 (OCoLC)29000548 531 0 $aCNS outlook 606 $aNavigation (Aeronautics)$vPeriodicals 606 $aAeronautics$xCommunication systems$vPeriodicals 606 $aAeronautics$xCommunication systems$2fast$3(OCoLC)fst00798307 606 $aNavigation (Aeronautics)$2fast$3(OCoLC)fst01035141 608 $aPeriodicals.$2fast 615 0$aNavigation (Aeronautics) 615 0$aAeronautics$xCommunication systems 615 7$aAeronautics$xCommunication systems. 615 7$aNavigation (Aeronautics) 676 $a384 906 $aJOURNAL 912 $a996335752403316 920 $aexl_impl conversion 996 $aCNS outlook$92383205 997 $aUNISA